Geometry Area Formulas - Statistics

General Stats
  • This quiz has been taken 76 times
  • The average score is 6 of 13
Answer Stats
Formula Shape % Correct
A=1/2bh Triangle
93%
A=s^2 Square
87%
A=πr^2 Circle
82%
A=bh Rectangle/Parallelogram
80%
A=1/2(b1+b2)h Trapezoid
59%
V=s^3 Cube
43%
V=πr^2h Cylinder
43%
V=1/3πr^2h Cone
34%
V=1/3bwh Pyramid
34%
V=bwh Rectangular Prism
31%
A=1/2(d1)(d2) Kite
13%
A=πab Ellipse
7%
A=1/2asn Regular Polygon
5%
No matching quizzes found
Score Distribution
Percent of People with Each Score
Percentile by Number Answered
Your Score History
You have not taken this quiz